The private stake in public goods (Record no. 16645)

000 -LEADER
fixed length control field 00373pab a2200133 454500
008 - FIXED-LENGTH DATA ELEMENTS--GENERAL INFORMATION
fixed length control field 180718b1987 xxu||||| |||| 00| 0 eng d
100 ## - MAIN ENTRY--PERSONAL NAME
Personal name Crenson, Mathew A.
245 ## - TITLE STATEMENT
Title The private stake in public goods
Remainder of title Overcoming the illogic of collective action
260 ## - PUBLICATION, DISTRIBUTION, ETC.
Date of publication, distribution, etc. 1987
300 ## - PHYSICAL DESCRIPTION
Extent 259-76
650 ## - SUBJECT ADDED ENTRY--TOPICAL TERM
Topical term or geographic name entry element Public Goods - U.S.A.
773 ## - HOST ITEM ENTRY
Main entry heading Policy Sciences
909 ## -
-- 16645
Holdings
Withdrawn status Lost status Damaged status Not for loan Permanent Location Current Location Date acquired Serial Enumeration / chronology Barcode Date last seen Price effective from Koha item type
        Indian Institute of Public Administration Indian Institute of Public Administration 2018-07-19 Volume no: 20, Issue no: 3 AR16705 2018-07-19 2018-07-19 Articles

Powered by Koha